000 00881nam a2200241 a 4500
001 44872
003 BD-RjUL
005 20211209053929.0
008 160720s1975 bg ||||| |||| 00| | en d
020 _c : Tk. 4.00
035 _a(BD-RjUL)44990
040 _aBD-RjUL
_bben
_cBD-RjUL
_dBD-RjUL
041 _aben
082 _223
_a015.5492
_bBAN 1975
110 _aজাতীয় গ্রন্থকেন্দ্র
_9137503
245 _aবাংলাদেশের বই
260 _aঢাকা :
_bজাতীয় গ্রন্থকেন্দ্র,
_c১৩৮২
300 _a১২৩ পৃ.
_c২০ সেমি.
650 _aগ্রন্থপঞ্জী
_zবাংলাদেশ
_9137504
650 _aBibliography
_zBangladesh
_9137505
710 _aজাতীয় গ্রন্থকেন্দ্র
_9137506
942 _2ddc
_cBK
999 _c44872
_d44872